| 000 | 00661nam a2200205 i 4500 | ||
|---|---|---|---|
| 001 | 101135 | ||
| 003 | ES-MaACL | ||
| 005 | 20250829062540.0 | ||
| 007 | t| | ||
| 008 | 051013s1927 fr ||||1| fre d | ||
| 100 | 1 |
_aMaurois, André, _d1885-1967 _979267 |
|
| 245 | 1 | 0 |
_aMeïpe ou la Délivrance / _cAndré Maurois, [seud.] de Emile Herzog; bois originaux de Emmanuel Poirier. |
| 260 |
_aParis : _bJ. Ferenczi et fils, _c1927. |
||
| 300 |
_a158 p. : _bil. ; _c20 cm. |
||
| 490 | 1 | _aLe livre moderne illustré | |
| 700 | 1 |
_aPoirier, Emmanuel. _992763 |
|
| 830 | 0 |
_aLe livre moderne illustré _9184593 |
|
| 852 |
_aES-MaACL _jA-4016 |
||
| 999 |
_c101135 _d101135 |
||